000 02549nam0a22003851 4500
001 rc\205674
005 20260407082226.0
010 _a5-85255-153-8
_98000
035 _a(NLR Aleph) 005457325
090 _a4921037
_c4921037
100 _a20030307d1992 |||y0rusy50 ca
101 0 _arus
102 _aRU
105 _aa |||||||||
200 1 _a1812-1814
_e[Реляции. Письма. Дневники]
_eИз собр. Гос. Ист. музея
_f[Сост., авт. вступ. статей и коммент. А.К. Афанасьев и др.]
210 _aМ.
_cИзд. центр "Терра"
_d1992
215 _a510, [1] с., [32] л. ил.
_cил.
_d27
300 _aПосвящается 180-летию Бородинского сражения
320 _aБиблиогр. в примеч. в конце разделов
320 _aУказ. имен. и геогр. назв.: с. 488-508
327 1 _aСодерж.: Секретная переписка генерала П.И. Багратиона; Личные письма генерала Н.Н. Раевского. Записки генерала М.С. Воронцова. Дневники офицеров русской армии
464 0 _12001#$aСекретная переписка генерала П.И. Багратиона
_tСекретная переписка генерала П.И. Багратиона
464 0 _12001#$aЛичные письма генерала Н.Н. Раевского. Записки генерала М.С. Воронцова. Дневники офицеров русской армии
_tЛичные письма генерала Н.Н. Раевского. Записки генерала М.С. Воронцова. Дневники офицеров русской армии
600 1 _aБагратион
_bП.И.
_gПетр Иванович
_2psbo
600 1 _aРаевский
_bН.Н.
_gНиколай Николаевич
_2psbo
600 1 _aВоронцов
_bМ.С.
_gМихаил Семенович
_2psbo
702 1 _4220
_7ca
_8rus
_aАфанасьев
_bА. К.
_cканд. ист. наук, искусствовед
_f1944-
_gАлександр Константинович
_9154731
_3RU\NLR\AUTH\770154769
712 0 2 _aГосударственный исторический музей
_cМосква
_9288698
_3RU\NLR\AUTH\888178
801 0 _aRU
_bNLR
_gpsbo
801 1 _aRU
_bELAR
_2rusmarc
852 _aNLR
_j92-7/538
852 _aNLR
_jМф К1/32435
942 _cBOOK
980 _aNB